| 000 | 00549 a2200181 4500 | ||
|---|---|---|---|
| 020 | _a997164357X | ||
| 040 |
_aDLC _bDLC |
||
| 082 | _a808.06665 | ||
| 100 | 1 | 0 | _aPease, Allan. |
| 245 | 1 | 0 |
_aWrite language : the new secrets of writing letters that really work _cAllan Pease, Paul Dunn. |
| 260 | 0 |
_aSingapore _b: Heinemann Asia, _c1994. |
|
| 300 | _axii, 130 p. | ||
| 490 | 0 | _aProfessional improvement series. | |
| 650 | 0 | _aCommercial correspondence. | |
| 650 | 0 | _aLetter-writing. | |
| 700 | 1 | 0 |
_aDunn, Paul _d, 1943-. |
| 942 |
_cBK _k808.06665 DUN _2ddc |
||
| 999 |
_c4888 _d4888 |
||